2004 AFL Premiership Team - Statistics

General Stats
  • This quiz has been taken 89 times
  • The average score is 15 of 24
Answer Stats
Hint Answer % Correct
Premiership Team Port Adelaide
97%
Centre Half Back Chad Cornes
86%
Wing Kane Cornes
86%
Coach Mark Williams
86%
Half Forward Flank Peter Burgoyne
84%
Rover Shaun Burgoyne
84%
Half Forward Flank Byron Pickett
83%
Centre Half Forward Warren Tredrea
83%
Forward Pocket Gavin Wanganeen
73%
Ruck Dean Brogan
67%
Half Back Flank Damien Hardwick
63%
Full Back Darryl Wakelin
63%
Full Forward Brendon Lade
59%
Interchange Stuart Dew
59%
Centre Josh Carr
56%
Interchange Domenic Cassisi
47%
Interchange Adam Kingsley
44%
Forward Pocket Toby Thurstans
44%
Back Pocket Michael Wilson
39%
Half Back Flank Brett Montgomery
36%
Wing Josh Mahoney
33%
Back Pocket Matthew Bishop
33%
Interchange Jarrad Schofield
31%
Ruck Rover Roger James
30%
No matching quizzes found
Score Distribution
Percent of People with Each Score
Percentile by Number Answered
Your Score History
You have not taken this quiz